000 00711nam a2200253Ia 4500
003 OSt
005 20220918181202.0
006 a|||||r|||| 00| 0
007 ta
008 220917b |||||||| |||| 00| 0 eng d
024 _a25,822
037 _cTextual
040 _aARTS
_cARTS
_beng
041 _2eng
_aeng
082 _aO111,1L92:g, N4
100 _aDuff David
_958045
245 0 _aRomance and revolution
_b Shelley and the politics of a genre David Duff
260 _aCambridge
_bCUp
_c1994
300 _axii,276p.
_ccm.
490 _aCambridge studies in romanticism; 7
500 _aIndex
942 _hO111,1L92:g, N4
_cTEXL
_2CC
999 _c164693
_d164693